[Event "Lallemand Memorial"]
[Site "Chalons en Champagne"]
[Date "2011.05.21"]
[Round "4"]
[White "Maisuradze, Nino"]
[Black "Roger, Juliette"]
[Result "1-0"]
[WhiteElo "2310"]
[BlackElo "1634"]
[PlyCount "47"]
[EventDate "2011.05.21"]
[EventType "swiss (rapid)"]
[EventRounds "9"]
[EventCountry "FRA"]
[SourceTitle "CBM 142 Extra"]
[Source "ChessBase"]
[SourceDate "2011.06.27"]
[SourceVersion "1"]
[SourceVersionDate "2011.06.27"]
[SourceQuality "1"]

1. d4 c5 2. d5 e5 3. e4 d6 4. Nc3 a6 5. a4 Be7 6. h3 Bg5 7. Nge2 Bxc1 8. Qxc1 Nf6 9. g4 0-0 10. Ng3 h6 11. Be2 Nh7 12. h4 Qf6 13. Nf5 Nd7 14. Qe3 Nb6 15. a5 Bxf5 16. exf5 Nd7 17. Ne4 Qe7 18. g5 hxg5 19. hxg5 f6 20. g6 Ng5 21. Nxg5 fxg5 22. Rh8+ Kxh8 23. Qh3+ Kg8 24. Qh7# 1-0

[Event "Lallemand Memorial"]
[Site "Chalons en Champagne"]
[Date "2011.05.21"]
[Round "3"]
[White "Roger, Juliette"]
[Black "Congiu, Mathilde"]
[Result "0-1"]
[WhiteElo "1634"]
[BlackElo "2237"]
[PlyCount "70"]
[EventDate "2011.05.21"]
[EventType "swiss (rapid)"]
[EventRounds "9"]
[EventCountry "FRA"]
[SourceTitle "CBM 142 Extra"]
[Source "ChessBase"]
[SourceDate "2011.06.27"]
[SourceVersion "1"]
[SourceVersionDate "2011.06.27"]
[SourceQuality "1"]

1. e4 d5 2. exd5 Qxd5 3. Nc3 Qa5 4. Bc4 Nf6 5. d4 c6 6. Bd2 Bf5 7. Nf3 e6 8. 0-0 Bb4 9. a3 Bxc3 10. Bxc3 Qc7 11. h3 Nbd7 12. Ne5 0-0 13. f4 Rad8 14. Qe2 Nb6 15. Bb3 Be4 16. Rad1 Bd5 17. Bxd5 cxd5 18. Bb4 Rfe8 19. Rc1 Ne4 20. Qd3 f6 21. Ng4 Nc4 22. b3 Ncd6 23. Bxd6 Rxd6 24. Nf2 f5 25. Nxe4 dxe4 26. Qe3 Qb6 27. c3 Qxb3 28. Rb1 Qd5 29. Rfc1 b6 30. Rb2 Rc8 31. Rbc2 Rdc6 32. Kf2 Qc4 33. Qe2 Qb3 34. Qd2 Qxa3 35. d5 Qc5+ 0-1

[Event "FRA-chT1 1011"]
[Site "France"]
[Date "2010.11.14"]
[Round "3.8"]
[White "Desfonds, Sylvie"]
[Black "Roger, Juliette"]
[Result "0-1"]
[WhiteElo "1769"]
[BlackElo "1617"]
[PlyCount "68"]
[EventDate "2010.10.17"]
[EventType "team-tourn"]
[EventRounds "11"]
[EventCountry "FRA"]
[SourceTitle "EXT 2012"]
[Source "ChessBase"]
[SourceDate "2011.11.24"]
[SourceVersion "1"]
[SourceVersionDate "2011.11.24"]
[SourceQuality "1"]

1. d4 c5 2. d5 e5 3. e4 d6 4. Be2 Be7 5. Nf3 Bg4 6. 0-0 Nd7 7. c4 a6 8. Nc3 Bxf3 9. Bxf3 Bg5 10. a4 Bxc1 11. Qxc1 Ngf6 12. Be2 0-0 13. f4 h6 14. Rf3 Nh7 15. Rg3 Kh8 16. fxe5 Nxe5 17. Nd1 f5 18. exf5 Rxf5 19. Qc2 Rg5 20. Raa3 Qf6 21. Nf2 Rf8 22. Nd1 Qf4 23. Qc3 Rxg3 24. hxg3 Qf5 25. Bd3 Nxd3 26. Qxd3 Qe5 27. Rb3 Qe1+ 28. Kh2 Rf1 29. Nf2 Qxf2 30. Qe3 Qf5 31. Qe8+ Nf8 32. Rxb7 Qb1 33. Kh3 Rh1+ 34. Kg4 Qd1+ 0-1

[Event "FRA-ch U12 Girls"]
[Site "Aix les Bains"]
[Date "2006.??.??"]
[Round "4"]
[White "Alonso, Audrey"]
[Black "Roger, Juliette"]
[Result "1-0"]
[WhiteElo "1710"]
[BlackElo "1420"]
[PlyCount "37"]
[EventDate "2006.04.16"]
[EventType "swiss"]
[EventRounds "9"]
[EventCountry "FRA"]
[SourceTitle "EXT 2007"]
[Source "ChessBase"]
[SourceDate "2006.11.23"]
[SourceVersion "1"]
[SourceVersionDate "2006.11.23"]
[SourceQuality "1"]

1. e4 c5 2. Nf3 e6 3. d4 cxd4 4. Nxd4 Nc6 5. c3 d6 6. Bb5 Bd7 7. 0-0 Nf6 8. Bg5 Be7 9. Nd2 Nxe4 10. Bxe7 Qxe7 11. Nxe4 Nxd4 12. Bxd7+ Qxd7 13. Qxd4 Ke7 14. Rad1 d5 15. c4 Rad8 16. Qc5+ Ke8 17. cxd5 exd5 18. Nf6+ gxf6 19. Rfe1+ 1-0